| 000 | 01060nam0a2200301 4500 | ||
|---|---|---|---|
| 001 | RU\NLR\BIBL_A\022723025 | ||
| 005 | 20260407063640.0 | ||
| 035 | _a(NLR Aleph) 022723025 | ||
| 090 |
_a13550944 _c13550944 |
||
| 100 | _a20260209d1991 u y0rusy50 ca | ||
| 101 | 0 | _arus | |
| 102 | _aRU | ||
| 105 | _aa j 000yy | ||
| 181 | 0 |
_ai _b xxe |
|
| 182 | 0 | _an | |
| 200 | 1 |
_aАзбука предпринимательства _e[основы, рекомендации по организации и ведению] _fБ. А. Райзберг |
|
| 203 |
_aТекст _bвизуальный _cнепосредственный |
||
| 210 |
_aМосква _cДума _d1991 |
||
| 215 |
_a62 с. _cил. _d22 |
||
| 606 | 1 |
_aПредпринимательство _91161265 _3RU\NLR\auth\66147005 |
|
| 686 | 1 | _aУ5-13 | |
| 686 | 1 | _aУ9(2)-13(2Р) | |
| 700 | 1 |
_8rus _7ca _aРайзберг _bБ.А. _gБорис Абрамович _3RU\NLR\AUTH\7713776 _9123458 |
|
| 852 |
_aNLR _j98-6/301 |
||
| 942 | _cBOOK | ||
| 980 | _aNB | ||